|
|
|
|
| LEADER |
00000nam a22000007a 4500 |
| 005 |
20210901222511.0 |
| 007 |
cr|||| |||| |
| 008 |
210901s2003 ca |||||s|||| 00||0 eng d |
| 020 |
|
|
|a 9781459313903
|
| 035 |
|
|
|a 35334
|
| 040 |
|
|
|a vLex
|
| 090 |
|
|
|c 12196
|d 12196
|
| 100 |
1 |
|
|a Jones, Craig
|
| 245 |
1 |
0 |
|a Theory of Class Actions
|h [Recurso electrn̤ico] /
|c Craig Jones
|
| 256 |
|
|
|a Servicio en ln̕ea
|
| 260 |
|
|
|a Toronto:
|b Irwin Law Inc.,
|c 2003
|
| 300 |
|
|
|a 1 recurso electrn̤ico
|
| 500 |
|
|
|a In Theory of Class Actions, Craig Jones provides a complete and comprehensive defence of the use of the class action for the resolution of mass tort claims. He explodes several popular myths regarding class actions including the notions that they infringe on litigative autonomy, they “blackmail” defendants, they pay too much to lawyers, and they are only effective for numerous, low-value claims. Jones argues that legislatures’, and more particularly courts’, use of the device has been haphazard, unprincipled, and in large measure ineffective at realizing the principle functions of tort law—reduction of the overall costs of accidents through optimal deterrence and compensation. In response he sets out principles that might be followed by courts or legislatures in assessing the certification of proposed class actions, and in designing procedures to facilitate optimal realization of policy goals.
|
| 506 |
1 |
|
|a Disponible solo en los productos indicados
|d vLex Global
|d vLex Global (Academic Edition, excluding Law Schools)
|d vLex Global (U.S. Academic Edition, Law Schools)
|d vLex Global (U.S. Academic Edition, excluding Law Schools)
|d vLex Global (Academic Edition, Law Schools)
|
| 650 |
0 |
4 |
|a Procedimiento Civil
|z Canad̀
|
| 740 |
0 |
|
|a vLex Libros (Servicio en ln̕ea)
|
| 856 |
4 |
0 |
|u https://app.vlex.com/#/sources/35334/
|z Acceso restringido
|
| 942 |
|
|
|c BOOK
|
| 999 |
0 |
|
|a Civil Procedure
|